La invención de la actualidad : técnicas, usos y abusos de la información /

Detalles Bibliográficos
Autor principal: Benito, Angel
Formato: Libro
Lenguaje:inglés
Publicado: México Fondo de Cultura Económica 1995
Edición:1 a. ed.
Colección:Obras de sociología
Materias:
Acceso en línea:

MARC

LEADER 00000cam a2200000 a 4500
001 000543
003 UAHC_CL
005 20170803115638.0
008 010822b xx j 000 1 eng
020 |a 8437504112 
040 |a UAHC_CL  |c UAHC_CL  |d UAHC_CL 
082 0 4 |a 070.4 B467 
100 1 |a Benito, Angel 
245 1 3 |a La invención de la actualidad :  |b técnicas, usos y abusos de la información /  |c Benito Angel. 
250 |a 1 a. ed. 
260 |a México  |b Fondo de Cultura Económica  |c 1995 
300 |a 322 p. 
490 0 |a Obras de sociología 
650 4 |a MEDIOS DE COMUNICACION DE MASAS 
650 4 |a PERIODISMO 
650 4 |a COMUNICACION 
650 4 |a ETICA PERIODISTICA 
650 4 |a INFORMACION 
653 |a PERIODISMO 
900 |a 070.4 BEN 
942 |c BK 
952 |0 0  |1 0  |4 0  |6 070_400000000000000_BEN  |7 0  |8 General  |9 962  |a BC  |b BC  |c General  |d 2017-08-03  |l 0  |o 070.4 BEN  |p 1301087  |r 2026-01-07 00:00:00  |t 1  |w 2017-08-03  |y BK 
999 |c 543  |d 543